Análisis especular comparativo de los templos fundacionales americanos en relación a los europeos
Uloženo v:
| Hlavní autor: | |
|---|---|
| Médium: | Kniha |
| Jazyk: | španělština |
| Vydáno: |
Viña del Mar
Taller de Investigaciones Gráficas. Esc. de Arquitectura
1991
|
| Témata: | |
| Tagy: |
Přidat tag
Žádné tagy, Buďte první, kdo vytvoří štítek k tomuto záznamu!
|
MARC
| LEADER | 00000nam a2200000 a 4500 | ||
|---|---|---|---|
| 001 | UCV9856 | ||
| 003 | CL-VaPUC | ||
| 008 | 930617e19910000CL |||||||||||||||||spa|d | ||
| 082 | 0 | 4 | |a 726.1 |b CAS |2 21 |
| 100 | 0 | |a Casanueva Carrasco, Manuel Luis |e author |9 303854 | |
| 245 | 1 | 0 | |a Análisis especular comparativo de los templos fundacionales americanos en relación a los europeos |
| 300 | |a 800 p | ||
| 942 | |c BK | ||
| 945 | |d 19930617 00:00:00 | ||
| 260 | |a Viña del Mar |b Taller de Investigaciones Gráficas. Esc. de Arquitectura |c 1991 | ||
| 650 | 7 | |a TEMPLOS |2 CL-VaPUC |9 266644 | |
| 583 | |a last modification |c 19930617 00:00:00 |k Rodrigo Vera | ||
| 999 | |c 215135 |d 215133 | ||
| 952 | |0 0 |1 0 |4 0 |6 726_100000000000000_CAS_1991 |7 0 |8 R |9 199127 |a BIBARQ |b BIBARQ |d 2019-11-14 |i 2664488 |l 2 |o 726.1 CAS 1991 |p 2664488 |r 2025-01-20 |s 2023-05-25 |w 2019-11-14 |y BK_R |k ARQ | ||